| 000 | 01760nam a2200253Ia 4500 | ||
|---|---|---|---|
| 008 | 260220t1990||||xx |||||||||||||| ||spa|| | ||
| 020 | _a843680354X | ||
| 040 |
_aPY-SlUNAC _bspa _erda |
||
| 041 | _aspa | ||
| 082 |
_a512 _bAb154a |
||
| 100 |
_aAbbott, P. _eAutor |
||
| 245 | 0 |
_aÁlgebra / _cpor P. Abbott [Autor] |
|
| 264 |
_aMadrid : _bPirámide, _c℗1990. |
||
| 300 | _a363 páginas | ||
| 520 | _aEl libro "Algebra" de Patrick Abbott, publicado por Pirámide en 1990, ofrece una introducción exhaustiva a los conceptos fundamentales del álgebra, destinados a estudiantes de nivel medio y superior. A lo largo de sus capítulos, el autor aborda temas esenciales como las operaciones con números reales, polinomios, ecuaciones lineales y cuadráticas, así como sistemas de ecuaciones. Asimismo, se exploran funciones y sus propiedades, incluyendo funciones lineales, cuadráticas y exponenciales, facilitando la comprensión de su aplicación en problemas reales. Abbott utiliza un enfoque didáctico, complementando la teoría con numerosos ejemplos prácticos y ejercicios, lo que permite a los lectores afianzar su aprendizaje. Además, el texto incluye secciones dedicadas a la resolución de problemas, lo que fomenta un pensamiento crítico y analítico. En conjunto, el libro se presenta como una herramienta valiosa para quienes buscan fortalecer sus habilidades algebraicas y adquirir una base sólida en matemáticas, crucial para el avance académico en diversas disciplinas. | ||
| 653 | _aÁlgebra | ||
| 653 | _aEducación matemática | ||
| 653 | _aMatemáticas | ||
| 942 |
_b2026/02/17 _cBK |
||
| 999 |
_c7458 _d7458 |
||